| 000 | 00740nam a22002297a 4500 | ||
|---|---|---|---|
| 005 | 20211029102632.0 | ||
| 008 | 211029b ||||| |||| 00| 0 eng d | ||
| 020 | _a8174560300 | ||
| 040 | _cAL | ||
| 041 | _aeng | ||
| 082 |
_223 _a109.954 _bASIO |
||
| 100 |
_aAsianand _99270 |
||
| 245 | _aOne Thousand Nine Hundred Ninety Six Whither India? Whiter Mankind?? | ||
| 260 |
_aNew Delhi _bThe New India Movement _c1996 |
||
| 300 |
_axxvii,323 p. _bHB _c23x15 cm. |
||
| 520 | _aA normative Prognosis Based on a New Personality Theory and a New Image of Man | ||
| 650 |
_aPhilosophy _99271 |
||
| 650 |
_aPsychoanalysis and Culture _99272 |
||
| 650 |
_aCivilization Western Influence _99273 |
||
| 700 |
_aASIANAND _99274 |
||
| 942 |
_2ddc _cGF |
||
| 999 |
_c220277 _d220277 |
||